Xây dựng mô hình thủy canh kết hợp nuôi cá (aquaponics) cho hộ gia đình ở đô thị : Báo cáo tổng kết đề tài nghiên cứu Khoa học của sinh viên
Thử nghiệm mô hình aquaponics phù hợp với quy mô hộ gia đình ở đô thị với khả năng cung cấp sản phẩm nông nghiệp an toàn tại chổ.
Zapisane w:
| 1. autor: | |
|---|---|
| Format: | Książka |
| Język: | Undetermined |
| Wydane: |
Cần Thơ
Trường Đại học Cần Thơ
2016
|
| Hasła przedmiotowe: | |
| Etykiety: |
Dodaj etykietę
Nie ma etykietki, Dołącz pierwszą etykiete!
|
| Thư viện lưu trữ: | Trung tâm Học liệu Trường Đại học Cần Thơ |
|---|
| LEADER | 01110nam a2200205Ia 4500 | ||
|---|---|---|---|
| 001 | CTU_223333 | ||
| 008 | 210402s9999 xx 000 0 und d | ||
| 082 | |a 635.0485 | ||
| 082 | |b D523 | ||
| 088 | |a TSV2016-39 | ||
| 100 | |a Lê, Nguyễn Anh Duy | ||
| 245 | 0 | |a Xây dựng mô hình thủy canh kết hợp nuôi cá (aquaponics) cho hộ gia đình ở đô thị : | |
| 245 | 0 | |b Báo cáo tổng kết đề tài nghiên cứu Khoa học của sinh viên | |
| 245 | 0 | |c Lê Nguyễn Anh Duy (Chủ nhiệm đề tài) ; Ngô Thụy Diễm Trang (Người hướng dẫn) ; Nguyễn Thị Bé Ly (Thành viên tham gia) ... [et al.] | |
| 260 | |a Cần Thơ | ||
| 260 | |b Trường Đại học Cần Thơ | ||
| 260 | |c 2016 | ||
| 520 | |a Thử nghiệm mô hình aquaponics phù hợp với quy mô hộ gia đình ở đô thị với khả năng cung cấp sản phẩm nông nghiệp an toàn tại chổ. | ||
| 650 | |a Thủy canh,Hydroponics | ||
| 980 | |a Trung tâm Học liệu Trường Đại học Cần Thơ | ||